| 000 | 00441nam a2200181Ia 4500 | ||
|---|---|---|---|
| 003 | GCL | ||
| 008 | 140319s9999 xx 000 0 eng d | ||
| 040 |
_aGCL / _cGCL |
||
| 082 | 0 | 4 |
_a611 _bR T |
| 100 | 1 | _aROGERS. A.W | |
| 245 | 1 | 0 |
_aTEXTBOOK OF ANATOMY / _cROGERS. A.W |
| 260 |
_a[S.N] : _bCHURCHILL LIVINGSTONE ، _c1992 |
||
| 300 | _a779 P | ||
| 650 | 0 | 4 | _aANATOMY |
| 650 | 0 | 4 | _aBIOLOGY |
| 650 | 0 | 4 | _aHUMAN - ANATOMY |
| 942 |
_2ddc _cBK |
||
| 999 |
_c20002 _d20002 |
||